Chuck - Sum 41 - Statistics

General Stats
  • This quiz has been taken 9 times
  • The average score is 8 of 14
Answer Stats
Hint Answer % Correct
14 Noots
86%
3 We're All To Blame
86%
4 Angels With Dirty Faces
71%
1 Intro
71%
2 No Reason
71%
8 Slipping Away
71%
5 Some Say
71%
13 88
57%
11 Pieces
57%
9 I'm Not The One
43%
7 Open Your Eyes
43%
12 There's No Solution
43%
10 Welcome To Hell
43%
6 The Bitter End
29%
No matching quizzes found
Score Distribution
Percent of People with Each Score
Percentile by Number Answered
Your Score History
You have not taken this quiz